[Event "Rio de Janeiro Duchamp op 2nd"]
[Site "Rio de Janeiro"]
[Date "2018.11.16"]
[Round "3"]
[White "Santos Filho, Tadeu Souza"]
[Black "Moyses Sobrinho, Elias"]
[Result "1-0"]
[WhiteElo "2078"]
[BlackElo "1931"]
[PlyCount "89"]
[EventDate "2018.11.14"]
[EventType "swiss"]
[EventRounds "9"]
[EventCountry "BRA"]
[SourceTitle "CBM 187 Extra"]
[Source "ChessBase"]
[SourceDate "2018.11.04"]
[SourceVersion "1"]
[SourceVersionDate "2018.11.04"]
[SourceQuality "1"]

1. d4 Nf6 2. Bg5 Ne4 3. Bf4 c5 4. d5 d6 5. f3 Nf6 6. e4 Nbd7 7. Qd2 g6 8. c4 Bg7 9. Nc3 0-0 10. Bh6 Qb6 11. 0-0-0 Ne5 12. Kc2 a5 13. a4 Qb4 14. b3 Nfd7 15. h3 f5 16. Bxg7 Kxg7 17. f4 Nf7 18. exf5 gxf5 19. Re1 Re8 20. Nb5 Qxd2+ 21. Kxd2 Nf6 22. Bd3 e5 23. dxe6 Rxe6 24. Rxe6 Bxe6 25. Nc7 Re8 26. Nxe8+ Nxe8 27. Nf3 Kf6 28. Re1 Ng7 29. Ke3 h6 30. g3 Ne8 31. Rg1 h5 32. Be2 d5 33. cxd5 Bxd5 34. Bc4 Be4 35. Bxf7 Kxf7 36. Ng5+ Kf6 37. Nxe4+ fxe4 38. Rd1 Ke6 39. Kxe4 Nf6+ 40. Kf3 Nd5 41. g4 hxg4+ 42. hxg4 Ne7 43. Re1+ Kf6 44. Rxe7 Kxe7 45. Ke4 1-0